000 00361nam a2200133Ia 4500
008 240624s9999 xx 000 0 und d
041 _aeng
082 _a005.74 SAN
100 _aSANDERS ROGER E
245 _aDB2 UNIVERSAL DATABASE V8 CERTIFICATION
260 _c2005
_aNew Delhi
_bPearson Education India
300 _axxiv, : 499 : p. : cm. ; 25
365 _cRS
999 _c3433
_d3433